India ODI cricketers - Statistics

General Stats
  • This quiz has been taken 62 times
    43 since last reset
  • The average score is 153 of 259
Answer Stats
# Debut Player % Correct
197 2009 Ravindra Jadeja
100%
265* Rohit Sharma
100%
196 Ajay Jadeja
96%
225 Kapil Dev
96%
44* Shubman Gill
96%
301 Yuvraj Singh
96%
234 Harbhajan Singh
93%
86 Hardik Pandya
93%
5 2021 Krunal Pandya
93%
1 Kuldeep Sen
93%
340 1996 Rahul Dravid
93%
30* Rishabh Pant
93%
194 Zaheer Khan
93%
75* KL Rahul
89%
103* 2017 Kuldeep Yadav
89%
350 MS Dhoni
89%
4 Rahul Sharma
89%
136 1989 Robin Singh
89%
463 Sachin Tendulkar
89%
308 1992 Sourav Ganguly
89%
295* Virat Kohli
89%
31 Ajay Sharma
86%
269 Anil Kumble
86%
6* Arshdeep Singh
86%
8* Avesh Khan
86%
65 Chetan Sharma
86%
11 Gopal Sharma
86%
80 Ishant Sharma
86%
89 Jasprit Bumrah
86%
4 Joginder Sharma
86%
2 Karn Sharma
86%
101 2013 Mohammed Shami
86%
41* 2019 Mohammed Siraj
86%
26 Mohit Sharma
86%
70 2006 Munaf Patel
86%
2 Parthasarathy Sharma
86%
38 2003 Parthiv Patel
86%
116 Ravichandran Ashwin
86%
2 | 58 RP Singh
86%
23 Sanjeev Sharma
86%
37 Suryakumar Yadav
86%
241 Virender Sehwag
86%
42 Yashpal Sharma
86%
8 Ashok Patel
82%
57* Axar Patel
82%
2 Bhupinder Singh
82%
121 2012 Bhuvneshwar Kumar
82%
10 Brijesh Patel
82%
3 Gurkeerat Singh
82%
1 Gursharan Singh
82%
16 Harvinder Singh
82%
120 2004 Irfan Pathan
82%
12 Jai Yadav
82%
2 Jayant Yadav
82%
59 1983 Maninder Singh
82%
125 Mohammad Kaif
82%
1 Pankaj Singh
82%
68 Praveen Kumar
82%
2 1981 Randhir Singh
82%
1 Rashid Patel
82%
2* Rinku Singh
82%
5 Sarandeep Singh
82%
7 1986 Shivlal Yadav
82%
59* Shreyas Iyer
82%
108 Sunil Gavaskar
82%
75 Umesh Yadav
82%
19 Vijay Yadav
82%
31 Vinay Kumar
82%
2 VRV Singh
82%
6 Yograj Singh
82%
57 Yusuf Pathan
82%
94 Dinesh Karthik
79%
147 Gautam Gambhir
79%
6* 2023 Mukesh Kumar
79%
11 Rohan Gavaskar
79%
226 2005 Suresh Raina
79%
2 2022 Venkatesh Iyer
79%
27 Ishan Kishan
75%
229 Javagal Srinath
75%
334 1985 Mohammad Azharuddin
75%
57 2001 Dinesh Mongia
71%
1* Harshit Rana
71%
140 1994 Nayan Mongia
71%
49 1976 Syed Kirmani
71%
86 VVS Laxman
71%
117 Ashish Nehra
68%
29 2015 Manish Pandey
68%
85 1975 Mohinder Amarnath
68%
1 Nitish Rana
68%
136 1987 NS Sidhu
68%
150 Ravi Shastri
68%
72 Roger Binny
68%
16* Sanju Samson
68%
14 2014 Stuart Binny
68%
161 Venkatesh Prasad
68%
104 1991 Vinod Kambli
68%
1* Yashasvi Jaiswal
68%
90 2011 Ajinkya Rahane
64%
10 BS Bedi
64%
5 Cheteshwar Pujara
64%
12 2008 Manoj Tiwary
64%
17 MSK Prasad
64%
17 Prasidh Krishna
64%
45 Sandeep Patil
64%
3 1978 Surinder Amarnath
64%
72* Yuzvendra Chahal
64%
5 1974 Abid Ali
61%
191 Ajit Agarkar
61%
13 1982 Arun Lal
61%
22 Balwinder Sandhu
61%
5 Farokh Engineer
61%
2 Gyanendra Pandey
61%
73 Kedar Jadhav
61%
146 Krishnamachari Srikkanth
61%
67 Madan Lal
61%
37 Murali Kartik
61%
3 Rishi Dhawan
61%
3 Saurabh Tiwary
61%
47 Shardul Thakur
61%
167 Shikhar Dhawan
61%
19* Washington Sundar
61%
45 Debashish Mohanty
57%
13 Deepak Chahar
57%
25 Gundappa Viswanath
57%
2 Karun Nair
57%
94 Kiran More
57%
1 Naman Ojha
57%
18 Pragyan Ojha
57%
46 Robin Uthappa
57%
6* Ruturaj Gaikwad
57%
22 Sadanand Viswanath
57%
53 Shanthakumaran Sreesanth
57%
1* Shivam Dube
57%
4 SS Das
57%
9 Varun Aaron
57%
55 Ambati Rayudu
54%
30 Lakshmipathy Balaji
54%
5 2020 Mayank Agarwal
54%
39 Nikhil Chopra
54%
1 Rahul Chahar
54%
6 Rajinder Ghai
54%
24 Sadagoppan Ramesh
54%
7 Subramaniam Badrinath
54%
1 Sudhakar Rao
54%
53 1990 Venkatapathy Raju
54%
16 Venugopal Rao
54%
12 2002 Ajay Ratra
50%
36 Amit Mishra
50%
3 Bharath Reddy
50%
5 Deep Dasgupta
50%
129 Dilip Vengsarkar
50%
1 Dodda Ganesh
50%
40 Hemang Badani
50%
8 Jaydev Unadkat
50%
11* Khaleel Ahmed
50%
25 1980 Kirti Azad
50%
130 1984 Manoj Prabhakar
50%
17 Murali Vijay
50%
18 Narendra Hirwani
50%
25 2007 Piyush Chawla
50%
6 Prithvi Shaw
50%
34 1997 Saba Karim
50%
74 Sanjay Manjrekar
50%
3 Shahbaz Ahmed
50%
19 Vijay Dahiya
50%
27 1988 Woorkeri Raman
50%
9 Wriddhiman Saha
50%
5 2010 Abhimanyu Mithun
46%
6 2016 Barinder Sran
46%
1 BS Chandrasekhar
46%
3 Devang Gandhi
46%
2 Manpreet Gony
46%
1 Parvez Rasool
46%
31 Ramesh Powar
46%
15 Srinivasaraghavan Venkataraghavan
46%
69 Sunil Joshi
46%
2 Thangarasu Natarajan
46%
3 Tinu Yohannan
46%
7 VB Chandrasekhar
46%
12 Vijay Shankar
46%
3 Vivek Razdan
46%
2 Ajit Wadekar
43%
12 Amay Khurasiya
43%
9 Atul Wassan
43%
7 Chetan Chauhan
43%
15 Dilip Doshi
43%
1 Faiz Fazal
43%
34 Hrishikesh Kanitkar
43%
16 Laxman Sivaramakrishnan
43%
35 1993 Rajesh Chauhan
43%
18 RS Sodhi
43%
3* Sai Sudharshan
43%
20 Salil Ankola
43%
23 2000 Sameer Dighe
43%
6 Subroto Banerjee
43%
2 Wasim Jaffer
43%
17 1995 Aashish Kapoor
39%
15 Anshuman Gaekwad
39%
13 Ashok Dinda
39%
12 Dhawal Kulkarni
39%
10 Nilesh Kulkarni
39%
37 Pravin Amre
39%
10 Raju Kulkarni
39%
1 Ravi Bishnoi
39%
15 Sanjay Bangar
39%
8 Sridharan Sriram
39%
10 Umran Malik
39%
3 Utpal Chatterjee
39%
1* Varun Chakravarthy
39%
10 Vijay Bharadwaj
39%
7 Vikram Rathour
39%
4 Aavishkar Salvi
36%
25 Abey Kuruvilla
36%
32 Arshad Ayub
36%
1 Ashok Mankad
36%
4 Bharat Arun
36%
36 Chandrakant Pandit
36%
2 Gagan Khoda
36%
3 1999 LR Shukla
36%
4 Noel David
36%
3 Paras Mhambrey
36%
1* Rajat Patidar
36%
32 Raman Lamba
36%
1* 2024 Riyan Parag
36%
3 Saradindu Mukherjee
36%
3 2018 Siddarth Kaul
36%
2 Sujith Somasunder
36%
8 Thirunavukkarasu Kumaran
36%
1 Abhijit Kale
32%
3 Abhishek Nayar
32%
2 Amit Bhandari
32%
13 Atul Bedade
32%
10 Deepak Hooda
32%
10 Jacob Martin
32%
4 Lalchand Rajput
32%
8 Sairaj Bahutule
32%
10 1979 Surinder Khanna
32%
4 TA Sekhar
32%
4* Tilak Varma
32%
20 Ashok Malhotra
29%
7 Eknath Solkar
29%
4 Jatin Paranjpe
29%
19 Karsan Ghavri
29%
1 Pankaj Dharmani
29%
4 Prashant Vaidya
29%
1 Gopal Bose
25%
8 Navdeep Saini
25%
2 Sanjay Raul
25%
4 Sudeep Tyagi
25%
2 Sudhir Naik
25%
4 Suru Nayak
25%
10 Ghulam Parkar
21%
1 Margashayam Venkataramana
21%
1 Pochiah Krishnamurthy
21%
2 TE Srinivasan
21%
1 Chetan Sakariya
18%
1 Krishnappa Gowtham
18%
10 1998 Rahul Sanghvi
14%
No matching quizzes found
Score Distribution
Percent of People with Each Score
Percentile by Number Answered
Your Score History
You have not taken this quiz since the last reset